Brassens - Marquise - Statistiques

Statistiques générales
  • Ce quiz a été pris 34 fois
  • Le résultat moyen est 81 sur 88
Statistiques - réponses
Paroles % Correct
A
100%
à
100%
a
100%
affront
100%
âge
100%
faire
100%
front
100%
Il
100%
il
100%
je
100%
je
100%
je
100%
Le
100%
Le
100%
m'a
100%
Marquise
100%
marquise
100%
mon
100%
mon
100%
mon
100%
mon
100%
ne
100%
peu
100%
qu'à
100%
que
100%
que
100%
que
100%
ridé
100%
Se
100%
si
100%
temps
100%
un
100%
un
100%
vieux
100%
vieux
100%
vos
100%
vous
100%
Vous
100%
vous
100%
Vous
100%
aux
94%
belles
94%
ce
94%
ce
94%
choses
94%
Comme
94%
en
94%
et
94%
Et
94%
faner
94%
mieux
94%
plaît
94%
plus
94%
quelques
94%
roses
94%
Souvenez
94%
traits
94%
visage
94%
ans
88%
attendant
88%
Corneille
88%
êtes
88%
J'ai
88%
serez
88%
six
88%
t'emmerde
88%
vaudrez
88%
vingt
88%
cependant
81%
des
81%
être
81%
nos
81%
nos
81%
nuits
81%
Répond
81%
saura
81%
suis
81%
vieille
81%
jours
75%
On
75%
Peut
75%
cours
69%
même
69%
planètes
69%
Règle
69%
vu
69%
serais
63%
guères
50%
Aucun quiz correspondant
Distribution des résultats
% des personnes avec chaque résultat
Percentile par nombre de réponses
Votre historique - résultats
Vous n’avez pas pris ce quiz